000 00461nam a2200193Ia 4500
008 210210b1923 xxu||||| |||| 00| 0 eng d
041 _aeng
082 _a542/54
100 _aGATTERMANN (Ludwig)
245 _aPractical methods of organic chemistry
260 _aNew York
_bThe Macmillan Co
_c1923
300 _a398
650 _aPractical
650 _aorganic
650 _amethods
650 _achemistry
690 _aChemistry
906 _a009306
999 _c126930
_d126930